01373pab a2200169 454500008004000000100002500040245007900065260000900144300001200153362000800165520087000173650000901043773002001052909001001072999001701082952010401099180718b2000 xxu||||| |||| 00| 0 eng d aSpreitzhofer, Gerald aOn the characteristics of heavy multiple-day snowfalls in the eastern alps c2000 ap.35-53 aJan aBased on the daily fresh-snow recordings of a set of 81 stations of the Austrian Hydrographic Service, covering a 19-year period, various aspects of extraordinarily long-lasting severe snowfalls are investigated. Starting from an exact definition of periods of Heavy Snowfall Events (HSE), some of the discussed items include the annual and seasonal frequencies of intense snowfall episodes, the location and migration paths of the storm centers and the volume of snow dropped by the individual storms. Another part of the study, designed to visualize the big variability of snow-related parameters over Alpine terrain, determines for all involved sites maximal observed and theoretical extreme fresh-snow accumulations for periods of variable length. Heavy three-day snowfall events are analayzed with special regard of the resulting avalanche threat. - Reproduced aSnow aNatural Hazards a46562 c46562d46562 00104070aIIPAbIIPAd2018-07-19hVolume no: 21, Issue no: 1pAR46990r2018-07-19w2018-07-19yAR